000 01078nam a2200241Ii 4500
003 JO-AjNU
005 20240625094914.0
008 230605s9999||||xx |||||||||||||| ||und||
040 _aJO-AjNU
_bara
_erda
_cJO-AjNU
041 _aara
050 1 4 _aHD37 2021
100 1 _aمستريحي، محمد عبدالحميد طعمة
_eمعد
_965581
245 0 0 _aدور الإدارة اللوجستية في تحسين الأداء لدى شركة مياه اليرموك في الأردن =The Role of Logistics Management in improving the Performance of the Yarmouk Water company in jordan /
260 _c2021
300 _a107ورقة
336 _atext
_btxt
_2rdacontent
337 _aunmediated
_bn
_2rdamedia
338 _avolume
_bnc
_2rdacarrier
500 _aرسالة جامعية(اطروحة ماجستير) جامعة عجلون الوطنية، كلية ادارة الاعمال، تخصص ادارة الاعمال، 2021
650 4 _aادارة الأعمال
_962424
700 1 _aالروسان، محمود علي
_eمشرف
_965363
942 _2lcc
_cTHS
999 _c31834
_d31834